Η ἀπελευθέρωση της Μυτιλήνης (8 Νοεμβρίου 1912)

Αποθηκεύτηκε σε:
Λεπτομέρειες βιβλιογραφικής εγγραφής
Κύριος συγγραφέας: Λεοντής, Δημήτριος Π.
Μορφή: Βιβλίο
Γλώσσα:Greek
Δημοσίευση: Μυτιλήνη : [Τυπογραφείο Γ. Πασπάτη - Σ. Παράσχου], 1968.
Θέματα:
Ετικέτες: Προσθήκη ετικέτας
Δεν υπάρχουν, Καταχωρήστε ετικέτα πρώτοι!

MARC

LEADER 00000nam a2200000 a 4500
001 1/126918
008 230622t1968####gr | ||| |||| ||gre||
040 |a GR-MyUa  |b gre  |c GR-MyUa  |e AACR2 
041 0 |a gre 
082 7 |a 889.2   |2 (23) 
100 1 |a Λεοντής, Δημήτριος Π. 
245 1 2 |a Η ἀπελευθέρωση της Μυτιλήνης (8 Νοεμβρίου 1912) /   |c Δημητρίου Π. Λεοντή.  
260 |a Μυτιλήνη :   |b [Τυπογραφείο Γ. Πασπάτη - Σ. Παράσχου],   |c 1968.  
300 |a 84 σ. :   |b εικ. ;   |c 25 εκ.  
500 |a Θεατρική ηθογραφία στο Μυτιληναϊκό γλωσσικό ιδίωμα σε τρεις πράξεις με επίλογο.  
650 0 |a Greek drama, Modern  |y 20th century. 
651 0 |a Lesbos (Greece : Municipality)  |x In literature. 
651 0 |a Mytilene (Lesbos, Greece)  |x History. 
852 |a INST  |b SAMOS  |e 20230622  |h 889.2 ΛΕΟ  |p 005300047888  |q 005300047888  |t BK  |y 0 
970 |a Γουβάλα  |b Βάσω  |z 22-06-2023